000 00971nam a2200229Ia 4500
003 Ost
005 20260507075355.0
008 260507s9999||||xx |||||||||||||| ||und||
020 _a3980299579
040 _cfsecg
041 _aara
082 _a330
100 _aالفارس، جاسم
_eمؤلف
245 0 _aفاعلية العقل الإقتصادي الإسلامي :
_bمقاربة وتأصيل /
_c جاسم الفارس
260 _aعمان:
_bدار مجدلاوي للنشر والتوزيع,
_c2011
300 _a296 صفحة؛
_bإيضاحات ؛
_c25 سم
504 _aالمراجع ص.289
520 _aأسس الإقتصاد الإسلامي- الفكر الإقتصادي عند الجاحظ- الفكر القاضي عبد الجبار بن أحمد الهمذاني- الدولة والإقتصاد ند ابن الأزرق
653 _aالإقتصاد الإسلامي
653 _aالفكر الإقتصادي
942 _cكتاب
999 _c44212
_d44212